000 00388nam a22001457a 4500
082 _aP-469
100 _aMalik Jafar Hussain
_948304
245 _aUse of blast furnace slag as a partial replacement of cement in concrete/
260 _aRisalpur:
_bMCE
_cc2011
300 _a61p,;
_c26cm
526 _a0
_b0
_c0
_dP_469
650 _aProject
700 _aShahzad
_948305
942 _2ddc
_cBK
999 _c551292
_d551292